000 00632nam a2200277Ia 4500
005 20260324150044.0
008 008 260324s9999 xx 000 0 eng d
020 _a9781003343028
037 _aEBOOK
040 _aCRL
040 _beng
040 _cCRL
041 _2eng
041 _aeng
084 _qCRL
100 _aJohn C. Coleman
_91171280
245 0 _aRelationships in Adolescence
260 _bTaylor and Francis
260 _c1974
365 _a
365 _b150
856 _uhttp://www.taylorfrancis.com/books/9781003343028
942 _cEBOOK
999 _c1833918
_d1833918